000 00261nam a2200109Ia 4500
008 190216s9999||||xx |||||||||||||| ||und||
100 _aMorrow L C
245 0 _aPrinciples Of Industrial Organisation
260 _bKitab Mahal
_c1967
300 _a525p
942 _cBK
999 _c3918
_d3918